000
00258nam a2200109Ia 4500
008
190907s9999||||xx |||||||||||||| ||und||
100
_a
Catherine Ricardo
245
0
_a
Database Systems
260
_a
New York
_b
Viva Books
_c
2000
300
_a
576
942
_c
BK
999
_c
6359
_d
6359